00656 2200181 4500001002100000005001500021035002000036007000300056008003900059082002200098084002900120100001700149245014600166260003300312300002100345650008000366856002800446INLIS00000000000615920240131033123 a0010-0124000237ta240131 | | |  a616.907 259 815 4 a616.907 259 815 4 BAY f0 aBAYU SAPUTRA1 aFAKTOR FAKTOR YANG BERHUBUNGAN DEENGAN KEJADIAN PENYAKIT MALARIA DI WILAYAH KERJA PUSKESMAS MUARA KUMPE KABUPATEN MUARA JAMBI /cBAYU SAPUTRA aJambi :bSTIKES PRIMA,c2014 axii,84.p ;c30cm 4aFAKTOR FAKTOR YANG BERHUBUNGAN DEENGAN KEJADIAN PENYAKIT MALARIA DI WILAYAH aS1 Kesehatan Masyarakat